000 nam a22 a 4500
999 _c236
_d236
003 AKMAL
005 20170516085706.0
008 170516s2005 my | g | f000 0 may d
020 _a967903075X (kkt.)
040 _aAKMAL
_cAKMAL
082 0 4 _a395.09595 BUD
_221
090 0 0 _a395.09595
_bBUD
245 0 0 _aBudi bahasa budaya kita :
_bbuku panduan
260 _aKuala Lumpur :
_bKementerian Kebudayaan, Kesenian dan Warisan,
_c2005
300 _a32ms. ;
_c13cm.
650 1 0 _aManners and customs
_9532
650 2 0 _aMalays
_xSocial life and customs
_9533
650 2 0 _aEtiquette
_9534
710 1 _aMalaysia.
_bKementerian Kebudayaan, Kesenian dan Warisan
_9535
942 _2ddc
_cBOOK